000 00593nam a22001937a 4500
005 20251108174857.0
008 250721s2004 xx 000 0 ara d
020 _a9953434891
082 1 4 _aط/597/ديف
100 1 _aديفيريل، ريتشارد
245 1 0 _aأصدقائي في البحر /
264 1 _aبيروت :
_bمؤسسة المعارف،
_c2004.
490 0 _aاصدقائي في
650 1 7 _aالحيوانات
650 1 7 _aالاسماك (حيوان )
653 _aأطفال ما قبل المدرسة (0-5) سنوات
942 _2ddc
_cBK
999 _c120412
_d120412